Statistics for Star wars episode 4 character quiz

Click here to take the quiz!

General Stats

  • This quiz has been taken 22 times
  • The average score is 11 of 14

Answer Stats

HintAnswer% Correct
Sith lord with a tendency to choke peopleDarth Vader
95%
A farm boy who lives on TatooineLuke Skywalker
95%
A protocol droid that seems to be worried about everythingC-3PO
89%
A smuggler and captain of the millennium falconHan Solo
89%
An asterisk droid and best friend of the aboveR2-D2
89%
A Wookie and co-pilot of the millennium falconChewbacca
84%
A princess from AlderaanPrincess Leia
84%
Jedi Master living as a hermit on TatooineObi-Wan Kenobi
74%
He runs the Death StarGrand Moff Tarkin
68%
Bounty Hunter that was killed in the Mos Eisley CantinaGreedo
68%
Moisture farmer on TatooineOwen Lars
68%
Short little scavengers on Tatooine that collect then sell droidsJawas
63%
Wife of the aboveBeru Lars
58%
Friend of Luke Skywalker and rebel pilotBiggs Darklighter
32%

Score Distribution

Percentile by Number Answered

Percent of People with Each Score

Your Score History

You have not taken this quiz